| 000 | 00525 a2200145 4500 | ||
|---|---|---|---|
| 245 |
_aReforming public administration for development _b : experiences from eastern Africa _hprint |
||
| 020 | _a0931816793 | ||
| 650 | _aExperiences from eastern Africa | ||
| 005 | 20191021095010.0 | ||
| 260 |
_actu _bKumarian Press _cc1989 |
||
| 084 | _aJQ2945.A5 M88 1989 | ||
| 300 |
_axv, 183 p. _b 23 cm. _cxv, 183 p. ; 23 cm. |
||
| 500 | _aby Gelase Mutahaba. | ||
| 490 | _aKumarian Press library of management for development | ||
| 999 |
_c11693 _d11693 |
||